|
|
|
|
| LEADER |
00000nam a2200000Ii 4500 |
| 001 |
DIGDEU0230 |
| 003 |
NyNyDIG |
| 006 |
m o d |
| 007 |
cr ||||||||||| |
| 008 |
241203s2022 sp ob 000 0 spa d |
| 035 |
|
|
|a (OCoLC)1475658072
|
| 040 |
|
|
|a DGITA
|b eng
|e rda
|e pn
|c DGITA
|
| 020 |
|
|
|z 9788413251813
|
| 050 |
1 |
4 |
|a HV1568.5 ebook
|
| 100 |
1 |
|
|a Villaescusa, María,
|e author.
|
| 245 |
1 |
0 |
|a Enfoque centrado en la familia :
|b conceptualización y una propuesta de modelo operativo /
|c María Villaescusa, Natxo Martínez.
|
| 264 |
|
1 |
|a Bilbao :
|b Publicaciones de la Universidad de Deusto,
|c [2022]
|
| 300 |
|
|
|a 1 online resource.
|
| 336 |
|
|
|a text
|b txt
|2 rdacontent
|
| 337 |
|
|
|a computer
|b c
|2 rdamedia
|
| 338 |
|
|
|a online resource
|b cr
|2 rdacarrier
|
| 347 |
|
|
|a text file
|2 rdaft
|
| 347 |
|
|
|b PDF
|
| 500 |
|
|
|a "DeustoDigital, Instituto de Derechos Humanos, Pedro Arrupe, Giza Eskubideen Institutua"--Cover.
|
| 490 |
1 |
|
|a Cuadernos Deusto de derechos humanos ;
|v núm. 104
|
| 504 |
|
|
|a Includes bibliographical references.
|
| 588 |
0 |
|
|a Online resource; title from PDF title page (Digitalia, viewed December 3, 2024)
|
| 650 |
|
0 |
|a Family.
|
| 650 |
|
0 |
|a Social integration.
|
| 650 |
|
0 |
|a People with disabilities
|x Family relationships.
|
| 700 |
1 |
|
|a Martínez, Natxo,
|e author.
|
| 791 |
2 |
|
|a Digitalia (Firm),
|e distributor.
|
| 793 |
0 |
|
|g Digitalia eBook Collection:
|a Universidad de Deusto
|
| 776 |
0 |
8 |
|i Print version:
|a Villaescusa, María.
|t Enfoque centrado en la familia.
|d Bilbao : Publicaciones de la Universidad de Deusto, 2022
|z 9788413251813
|
| 830 |
|
0 |
|a Cuadernos Deusto de derechos humanos ;
|v núm. 104.
|
| 856 |
4 |
0 |
|3 Digitalia Hispánica
|u https://www.digitaliapublishing.com/a/163569/
|
| 910 |
|
|
|a Premium collection: 2024
|